00528nam a22001817a 450000500170000001000150001702000260003203500130005803700130007108200100008410000260009424500620012025000110018226000300019327000680022330000360029150000190032720141127144101.0 aENG-111234 a9788120350625c595.00 aEN-94766 bDBAD/PUB a541.3 aMoudgil, Harish Kumar aTextbook of physical chemistry /cby Harish Kumar Moudgil a2nd ed aDelhibPHI Learningc2015 aRimjhim House, 111, Patparganj Industrial EstatebDelhie110092 axxviii,680p. :c24cm(pbk)bill. aIncludes index